000 00787nam a2200241 i 4500
001 184166
003 ES-MaACL
005 20250414185920.0
008 150406s1966 sp |||| |bspa d
080 _a929:301 Weil, Simone
100 1 _aDavy, Marie-Madeleine.
_943003
245 1 0 _aSimone Weil /
_cMarie-Madeleine Davy ; [traducción... por Dionisio Pérez Pérez].
250 _a1ª ed.
260 _aBarcelona :
_bFontanella,
_c1966.
300 _a174 p. ;
_c17 cm.
490 1 _aTestigos del siglo XX ;
_v15
504 _aBibliografía: p. 171-174.
600 1 4 _aWeil, Simone,
_d1909-1943
_9116335
700 1 _aPérez, Dionisio,
_d1926-2010
_9240037
830 0 _aTestigos del siglo XX ;
_v15
_9192049
852 _aES-MaACL
_jE-15536
999 _c184166
_d184166